000 00602nam a2200217Ia 4500
003 OSt
005 20221002054947.0
006 a|||||r|||| 00| 0
007 ta
008 220930b |||||||| |||| 00| 0 eng d
024 _a71280
037 _cReference Collections
040 _aCRL
_cCRL
_beng
041 _2eng
_aeng
082 _aP156:3, M5(RR)
100 _aTaylor Geo P. Au.
_9576550
245 0 _aStudent's gujarati Grammar with exercises and vacabulary
260 _c1985
942 _hP156:3, M5(RR)
_cref
_2CC
999 _c926377
_d926377